00555pam a2200169 a 4500020000500000040001600005041000800021082001600029100001700045245008200062250001100144260004300155300003800198365002600236500006300262504006000325 c aNMHR_425001 aeng a515.33bSNE aSheddon, I N aElements of Partial Differential Equationscby Jan SheddonhTextual Documents a1st ed aLondonbMcGraw-Hill Book Companyc1957 a327pb176 Figuresc20.8 x 14.8 cm aRs.218.95ePaper Back aThis document contains back index from page no. 323 to 327 aThis document does not contain any kind of bibliography